| 000 | 00488nam a2200205Ia 4500 | ||
|---|---|---|---|
| 005 | 20240823044906.0 | ||
| 008 | 240823s9999||||xx |||||||||||||| ||und|| | ||
| 020 | _a981-254-245-0 | ||
| 041 | _aENGLISH | ||
| 082 | _A629.8043 P4 | ||
| 100 | _a"Rexford,Kenneth" | ||
| 245 | 0 | _aElectrical Control | |
| 250 | _a6th | ||
| 260 |
_c2004 _b"Thompson,Aust" |
||
| 500 | _aYES | ||
| 650 |
_aControl Problems _bElectrical |
||
| 700 | _a" Giuliani,Peter R" | ||
| 942 | _cBK | ||
| 999 |
_c213681 _d213681 |
||